000 01606nam0a2200385 i 4500
001 RU\NLR\BIBL_A\010525364
005 20241114174007.0
010 _a9785389067424
_93000
021 _aRU
_b2014-64736
_93945
035 _a(NILC)RuMoRGB-007544363
035 _a(NLR Aleph) 010525364
090 _a10233696
_c10233696
100 _a20141110d2014 km y0rusy50 ca
101 1 _arus
_ceng
102 _aRU
105 _ab|||z|||000yy
200 1 _aСемь элементов, которые изменили мир
_dSeven elements that have changed the world
_e[железо, углерод, золото, серебро, уран, титан, кремний]
_fДжон Браун
_g[пер. с англ. Владимира Кузина]
_zeng
210 _aМосква
_cКолибри
_d2014
215 _a286 с.
_cкарт.
_d24
300 _aАвт. также на англ. яз.: John Browne
320 _aБиблиогр.: с. 276-286
333 _a16+
510 1 _6z48790
_aSeven elements that have changed the world
_zeng
606 _aНефть
_jПопулярные издания
_xРынки
_91689180
_3RU\NLR\AUTH\66750794
606 _aХимические элементы природной среды
_jПопулярные издания
_92088144
_3RU\NLR\AUTH\661567744
686 1 _aД312.8я9
686 1 _aЕ072.9я9
686 1 _aУ43(0)521я9
700 1 _aБраун
_bД.
_f1948-
_gДжон
_4070
790 1 _6z48510
_aBrowne
_bB.
_f1948-
_gJohn
801 0 _aRU
_bРГБ
_c20140829
_gRCR
942 _cBOOK
980 _aNBR